| 000 | 01174nam a2200337 a 4500 | ||
|---|---|---|---|
| 001 | 000014790 | ||
| 003 | OSt | ||
| 005 | 20251209072527.0 | ||
| 007 | ta | ||
| 008 | 100122s2009 dr 001 0 spa d | ||
| 020 | _a9789945871203 | ||
| 040 |
_aDO-SdBPM _bspa _cBPMSU _erda _drda |
||
| 082 | 4 |
_a320.7293 _bM425j 2009 _222 |
|
| 100 | 1 |
_aMateo, Andrés L., _d1946- _4aut. _eautor _93 |
|
| 245 | 1 | 0 |
_aJuan Bosch : _bmoralista problemático y otros artículos / _cAndrés L. Mateo. |
| 264 |
_aSanto Domingo : _bEdiciones Florilegio, _c2009. |
||
| 300 |
_a194 páginas ; _c22 cm. |
||
| 336 |
_atexto _btxt _2rdacontent |
||
| 337 |
_asin mediación _bn _2rdamedia |
||
| 338 |
_avolumen _bnc _2rdacarrier |
||
| 500 | _aIncluye índice onomástico | ||
| 500 | _aIncluye datos biográficos del autor en la solapa de la cubierta | ||
| 590 | _aInventariado, 2025/VM | ||
| 600 | 1 | 7 |
_a Bosch, Juan, _d1909-2001 _91 |
| 650 | 1 | 7 | _aPolítica y cultura |
| 650 | 7 | _aArtículos de prensa | |
| 651 | 7 |
_aRepública Dominicana _xPolítica y gobierno _xHistoria |
|
| 651 | 7 |
_aRepública Dominicana _xCondiciones sociales |
|
| 910 | _aVMateo V. Control de calidad. BPMSU | ||
| 942 |
_2ddc _cBK |
||
| 999 |
_c15568 _d15568 |
||